Statistics for Star Trek: the Next Generation characters

Click here to take the quiz!

General Stats

  • This quiz has been taken 51 times
  • The average score is 18 of 22

Answer Stats

HintAnswer% Correct
1. The CaptainJean-Luc Picard
100%
2. His "Number One"William T. Riker
100%
3. Android who wants to be more like humansData
100%
4. Chief engineer, wears a special visor to seeGeordi La Forge
100%
6. Son of #5, sometimes told to shut upWesley Crusher
100%
8. 1st Klingon in Starfleet, Chief of security (seasons 2+)Worf
100%
5. Ship's doctor (seasons 1, 3-7)Beverly Crusher
97%
7.Ship's counselor, can sense the emotions of othersDeanna Troi
97%
16. Omnipotent being who likes to cause trouble for #1Q
94%
9. Long-lived humanoid, operates a bar in Ten ForwardGuinan
91%
13. Android, brother of #3Lore
85%
12. Chief of security (season 1), killed on an away missionTasha Yar
85%
17. Transporter chief, left to join Deep Space NineMiles O'Brien
82%
22. Cat owned by #3Spot
82%
10. Neurotic engineer who is brilliant but socially awkwardReginald Barclay
73%
19. Son of #8, doesn't want to follow Klingon traditionsAlexander Rozhenko
73%
20. Holodeck character who becomes self-aware, created to foil #3.Professor Moriarty
73%
15. Mother of #7, makes the captain uncomfortableLwaxana Troi
70%
14. Creator of #3 and #13Dr. Noonien Soong
61%
18. Becomes Chancellor of the Klingon EmpireGowron
52%
11 .Ship's doctor (season 2), often argued with #3Katherine Pulaski
48%
21. Half-Romulan, daughter of an alternate universe version of #12Sela
39%

Score Distribution

Percentile by Number Answered

Percent of People with Each Score

Your Score History

You have not taken this quiz